Ranks of the Australian Air Force Cadets (AAFC) - Statistics

General Stats
  • This quiz has been taken 144 times
  • The average score is 10 of 19
Answer Stats
Type of Rank Answer % Correct
Cadet Cadet
98%
Cadet Corporal
93%
Cadet Sergeant
92%
Cadet Leading Cadet
89%
Cadet Flight Sergeant
88%
Cadet Cadet Under Officer
70%
Cadet Cadet Warrant Officer
62%
Instructor Leading Aircraftman / Aircraftwoman (AAFC)
39%
Instructor Aircraftman / Aircraftwoman (AAFC)
38%
Officer Pilot Officer (AAFC)
35%
Instructor Corporal (AAFC)
31%
Officer Flying Officer (AAFC)
31%
Instructor Sergeant (AAFC)
31%
Officer Flight Lieutenant (AAFC)
30%
Instructor Flight Sergeant (AAFC)
30%
Instructor Warrant Officer (AAFC)
30%
Officer Squadron Leader (AAFC)
27%
Officer Wing Commander (AAFC)
24%
Officer Group Commander
15%
No matching quizzes found
Score Distribution
Percent of People with Each Score
Percentile by Number Answered
Your Score History
You have not taken this quiz